| 000 | 00978cam a22002175a 4500 | ||
|---|---|---|---|
| 001 | E143696 | ||
| 008 | 080528s2007 xxk f 000 0 eng d | ||
| 035 | _a(Sirsi) u143696 | ||
| 041 | 0 | _aeng | |
| 050 | 0 | 4 | _a333.3307 $2 18 |
| 110 | 2 |
_aRoyal Institution of Chartered Surveyors _94900 |
|
| 245 | 0 | 0 |
_aAssessment of technical competence _bguide for supervisors, counsellors and emplyers - structured training |
| 260 |
_aLondon _bRICS _c2007 |
||
| 300 |
_a15p. _c30cm. |
||
| 505 | 2 | _aIntroduction -- Overview of the ATC -- The supervisor and counsellor -- The competencies -- Online ethics exercise -- The final assessment -- Your role: a chronology -- Where to find help | |
| 520 | _aOutlines the requirements of the Assessment of Technical Competence from the perspective of supervisors and employers. | ||
| 650 | 2 | 4 | _aATC |
| 651 | 4 |
_aUnited Kingdom _y |
|
| 690 | _aCAREERS, EDUCATION AND TRAINING-QUALIFICATION ROUTES-ASSESSMENT OF PROFESSIONAL COMPETENCE | ||
| 942 | _n0 | ||
| 999 |
_c108245 _d108245 |
||